Metallica Lyrics – #3: Motorbreath - Statistics

General Stats
  • This quiz has been taken 33 times
  • The average score is 86 of 136
Answer Stats
Answer % Correct
I
94%
it,
94%
it
94%
It
94%
Life
94%
life
94%
Motorbreath,
94%
the
94%
my
88%
way
88%
and
82%
any
82%
can't
82%
crying
82%
dying,
82%
how
82%
in
82%
is
82%
it's
82%
laughing
82%
live
82%
Living
82%
living
82%
other
82%
take
82%
you
82%
You
82%
fast
76%
of
71%
on
71%
what
71%
your
71%
away
65%
be
65%
breath
65%
going
65%
lane
65%
never
65%
same
65%
to
65%
who
65%
for
59%
have
59%
just
59%
mean
59%
so
59%
They
59%
all
53%
dirty
53%
not
53%
or
53%
up
53%
about
47%
chance
47%
nothing,
47%
nothing
47%
Once
47%
once,
47%
are
41%
Don't
41%
down
41%
full
41%
Hard
41%
heavy,
41%
life's
41%
seems
41%
seen
41%
sign
41%
speed
41%
tell
41%
you'll
41%
chances
35%
dance
35%
like
35%
missing
35%
only
35%
song
35%
stop
35%
end
29%
hold
29%
others,
29%
people
29%
Those
29%
whatever
29%
as
24%
spine
24%
taking
24%
am
18%
shivers
18%
know
12%
Sending
12%
Getting
0%
kicks
0%
line
0%
shooting
0%
No matching quizzes found
Score Distribution
Percent of People with Each Score
Percentile by Number Answered
Your Score History
You have not taken this quiz